| 000 | 01095cab a2200313 4500 | ||
|---|---|---|---|
| 001 | ABS59057 | ||
| 008 | 090401t1998 xxu||||| |||| 00| 0 eng d | ||
| 035 | _a(Sirsi) u87786 | ||
| 041 | _aeng | ||
| 100 | _aTanney, A. | ||
| 245 | 4 | _aThe freehold fix with common ground | |
| 260 | _c1998 | ||
| 350 | _a0 | ||
| 490 |
_aProperty Week _v63(14) 24 July 1998, 34(1) |
||
| 520 | _aConsiders a developer`s obligation to first offer to sell the freehold of a block of flats to the tenants before any investor purchaser and, the requirement to include the common parts of land such as access roads. Discussesthe problems that can arise where several blocks are concerned, each of which must be offered the roads. | ||
| 650 | _aACCESS ROAD | ||
| 650 | _aCOMMON PARTS | ||
| 650 | _aDEVELOPERS | ||
| 650 | _aFREEHOLDS | ||
| 650 | _aKAY GREEN V TWINSECTRA | ||
| 650 | _aLANDLORD AND TENANT ACT 1987 PART 1 | ||
| 650 | _aRESIDENTIAL BLOCKS | ||
| 650 |
_aSales _96269 |
||
| 650 | _aTENANTS | ||
| 690 | _aHOUSING-DEVELOPMENT | ||
| 700 | _aShea, C. | ||
| 942 | _n0 | ||
| 948 | _c31/07/1998 | ||
| 999 |
_c55393 _d55393 |
||